000 00399nam a2200157Ia 4500
005 20260417150919.0
008 260417s9999||||xx |||||||||||||| ||und||
020 _a9781009071512
041 _aeng
100 _aPittinsky
245 0 _aUnderstanding technology and society
260 _bCambridge, Cambridge,
_c2025
650 _aPsychology
856 _u10.1017/9781009071512
942 _cE-BOOK
999 _c50675
_d50675